Lyrics to 'Love Like Ghosts' by Lord Huron - Statistics

General Stats
  • This quiz has been taken 35 times
  • The average score is 195 of 234
Answer Stats
Answer % Correct
ghosts
100%
I
100%
is
100%
know
100%
like
100%
love
100%
Yes
100%
ever
94%
have
94%
it
94%
see
94%
seen
94%
talks
94%
that
94%
the
94%
an
89%
but
89%
can
89%
everybody
89%
few
89%
go
89%
real
89%
what
89%
ain't
83%
and
83%
And
83%
die
83%
follow
83%
if
83%
me
83%
never
83%
Oh
83%
really
83%
Spirits
83%
spirits
83%
You
83%
you
83%
all
78%
baby
78%
Baby
78%
do
78%
don't
78%
gotta
78%
haunt
78%
in
78%
leaving
78%
lie
78%
living
78%
night
78%
no
78%
on
78%
one
78%
please
78%
want
78%
where
78%
why
78%
you're
78%
can't
72%
day
72%
for
72%
language
72%
shows
72%
then
72%
There
72%
they
72%
They
72%
things
72%
through
72%
to
72%
will
72%
at
67%
endless
67%
eyes
67%
feel
67%
hurt
67%
hurts
67%
moonlight
67%
my
67%
said
67%
sing
67%
sometimes
67%
tonight
67%
what's
67%
wrong
67%
be
61%
song
61%
til
61%
ours
50%
saw
44%
Haunted
11%
No matching quizzes found
Score Distribution
Percent of People with Each Score
Percentile by Number Answered
Your Score History
You have not taken this quiz